000 00279nam a2200097Ia 4500
001 689143
005 20250826161628.0
008 250824s9999 xx 000 0 und d
245 0 _aÇANAKKALEDE AÇAN VATAN ÇİÇEKLERİ
_cHASAN BAYRAKTAR
260 _bSELÇUKLU BELEDİYESİ YAYINLARI
999 _c689143
_d689143